RIGHT GAME (Record no. 22708)

MARC details
000 -LEADER
fixed length control field 00306nam a2200121Ia 4500
008 - FIXED-LENGTH DATA ELEMENTS--GENERAL INFORMATION
fixed length control field 240624s9999 xx 000 0 und d
041 ## - LANGUAGE CODE
Language code of text/sound track or separate title eng
082 ## - DEWEY DECIMAL CLASSIFICATION NUMBER
Classification number 658.4012 BRA
100 ## - MAIN ENTRY--PERSONAL NAME
Personal name BRANDENBURGER ADAM M
245 ## - TITLE STATEMENT
Title RIGHT GAME
260 ## - PUBLICATION, DISTRIBUTION, ETC.
Date of publication, distribution, etc. 2009
Place of publication, distribution, etc. Boston
Name of publisher, distributor, etc. Harvard Business Press
300 ## - PHYSICAL DESCRIPTION
Extent 91.p : cm. ; 20
Holdings
Withdrawn status Lost status Damaged status Not for loan Home library Current library Shelving location Date acquired Total Checkouts Total Renewals Full call number Barcode Date due Date last seen Date last checked out Price effective from Koha item type
        IMTN IMTN Rack 28-A 04/30/2014 8 1 658.4012 BRA 22708 01/22/2026 01/12/2026 01/12/2026 06/24/2024 Books
Designed & Maintained by: LRC IMT Nagpur Contact: lrc@imtnag.ac.in© 2024. All Rights Reserved.